000
00296 a2200097 4500
020
_a
9789370983090
100
_a
Rekha Raj, ed.
245
_a
Tholikkaruppu(തോലിക്കറുപ്പ് വെറുപ്പിൻ്റെ ആഴങ്ങൾ)
260
_b
D C books
_c
2025
942
_c
OO
999
_c
115267
_d
115266